Statistics for Regions of Kyrgyzstan

Click here to take the quiz!

General Stats

  • This quiz has been taken 52 times
  • The average score is 4 of 7

Answers on the Map

Answers color-coded by a green-red scale on the quiz's map according to % correct below.
Loading ...
 

Answer Stats

Region % Correct
Osh
90%
Jalal-Abad
67%
Chüy
52%
Naryn
52%
Ysyk-Köl
52%
Talas
43%
Batken
38%

Score Distribution

Percentile by Number Answered

Percent of People with Each Score

Your Score History

You have not taken this quiz